<?xml version="1.0" encoding="UTF-8"?><?xml-stylesheet type="text/xsl" href="static/style.xsl"?><OAI-PMH xmlns="http://www.openarchives.org/OAI/2.0/" xmlns:xsi="http://www.w3.org/2001/XMLSchema-instance" xsi:schemaLocation="http://www.openarchives.org/OAI/2.0/ http://www.openarchives.org/OAI/2.0/OAI-PMH.xsd"><responseDate>2026-04-13T15:10:13Z</responseDate><request verb="GetRecord" identifier="oai:www.recercat.cat:2117/425508" metadataPrefix="marc">https://recercat.cat/oai/request</request><GetRecord><record><header><identifier>oai:recercat.cat:2117/425508</identifier><datestamp>2025-07-17T05:22:54Z</datestamp><setSpec>com_2072_1033</setSpec><setSpec>col_2072_452950</setSpec></header><metadata><record xmlns="http://www.loc.gov/MARC21/slim" xmlns:dcterms="http://purl.org/dc/terms/" xmlns:xsi="http://www.w3.org/2001/XMLSchema-instance" xmlns:doc="http://www.lyncode.com/xoai" xsi:schemaLocation="http://www.loc.gov/MARC21/slim http://www.loc.gov/standards/marcxml/schema/MARC21slim.xsd">
   <leader>00925njm 22002777a 4500</leader>
   <datafield ind2=" " ind1=" " tag="042">
      <subfield code="a">dc</subfield>
   </datafield>
   <datafield ind2=" " ind1=" " tag="720">
      <subfield code="a">Plaza Bonilla, Daniel</subfield>
      <subfield code="e">author</subfield>
   </datafield>
   <datafield ind2=" " ind1=" " tag="720">
      <subfield code="a">Casals Missio, Joan</subfield>
      <subfield code="e">author</subfield>
   </datafield>
   <datafield ind2=" " ind1=" " tag="720">
      <subfield code="a">Doltra Bregon, Jordi</subfield>
      <subfield code="e">author</subfield>
   </datafield>
   <datafield ind2=" " ind1=" " tag="720">
      <subfield code="a">Solé Llussà, Anna</subfield>
      <subfield code="e">author</subfield>
   </datafield>
   <datafield ind2=" " ind1=" " tag="260">
      <subfield code="c">2024</subfield>
   </datafield>
   <datafield ind2=" " ind1=" " tag="520">
      <subfield code="a">La agricultura representa alrededor del 14% de las emisiones mundiales de gases de efecto invernadero (GEI). Los cultivos extensivos, principalmente cereales, cubren alrededor de 520.000 ha, de un total de 828.000 ha agrícolas en Cataluña. Su productividad se basa en prácticas de manejo que implican una baja diversidad de cultivos, largos períodos de suelo desnudo expuesto a la degradación y el uso de cantidades significativas de fertiliza ntes nitrogenados, lo que genera emisiones de GEI a la atmósfera y una importante huella de carbono. En esta comunicación presentaremos las actividades en curso del proyecto Legitimada y sus primeros resultados. El principal objetivo de Legitimada es crear conocimiento e impacto socioeconómico en la mitigación y adaptación al cambio climático en la producción agrícola catalana a través de una estrategia interdisciplinar y multi-escala basada en la diversificación de los sistemas agrícolas con leguminosas. Legitimada se basa en la fijación biológica de nitrógeno mediante la simbiosis de leguminosas y bacterias y en la capacidad de las leguminosas de aportar proteínas a la dieta humana con una baja huella ambiental, como estrategia de mitigación y adaptación al cambio climático.</subfield>
   </datafield>
   <datafield ind2=" " ind1=" " tag="520">
      <subfield code="a">Postprint (published version)</subfield>
   </datafield>
   <datafield tag="653" ind2=" " ind1=" ">
      <subfield code="a">Àrees temàtiques de la UPC::Desenvolupament humà i sostenible::Degradació ambiental::Canvi climàtic</subfield>
   </datafield>
   <datafield tag="653" ind2=" " ind1=" ">
      <subfield code="a">Àrees temàtiques de la UPC::Enginyeria agroalimentària::Ciències de la terra i de la vida</subfield>
   </datafield>
   <datafield tag="653" ind2=" " ind1=" ">
      <subfield code="a">Adaptación</subfield>
   </datafield>
   <datafield tag="653" ind2=" " ind1=" ">
      <subfield code="a">Cambio climático</subfield>
   </datafield>
   <datafield tag="653" ind2=" " ind1=" ">
      <subfield code="a">Leguminosas</subfield>
   </datafield>
   <datafield tag="653" ind2=" " ind1=" ">
      <subfield code="a">Mediterráneo</subfield>
   </datafield>
   <datafield tag="653" ind2=" " ind1=" ">
      <subfield code="a">Mitigación.</subfield>
   </datafield>
   <datafield ind2="0" ind1="0" tag="245">
      <subfield code="a">Cambio climático y resiliencia de la agricultura catalana: impulso interdisciplinar y multi-escala de la diversificación con leguminosas como estrategia de mitigación y adaptación</subfield>
   </datafield>
</record></metadata></record></GetRecord></OAI-PMH>